| 000 | 00606nam a2200229Ia 4500 | ||
|---|---|---|---|
| 005 | 20231201110854.0 | ||
| 008 | 131103s9999 xx 000 0 und d | ||
| 020 |
_a8131602214 _cRs 2995 (set) |
||
| 040 | _aLoreto College | ||
| 041 | _aEnglish | ||
| 082 |
_a396.03 _bTIE |
||
| 245 |
_aWomen's Studies Encyclopaedia Q-Z _cEdited by Helen Tierney |
||
| 260 |
_aJaipur _bRawat Publications _c2008 |
||
| 300 | _a1607p | ||
| 504 | _aIncludes index | ||
| 630 | _aGender Studies | ||
| 650 | _aFeminism | ||
| 651 | _aWomen Studies | ||
| 700 | _aTierney, Helen, ed | ||
| 850 | _aLCLIB | ||
| 942 | _cBK | ||
| 999 |
_c29510 _d79989 |
||